| 000 | 00686nam a22002297a 4500 | ||
|---|---|---|---|
| 005 | 20151222102036.0 | ||
| 008 | 100927s2012 nyua b 001 0 eng | ||
| 020 | _a9780078035180 | ||
| 020 | _a007803518X | ||
| 041 | 0 | _aeng | |
| 080 | _a159.9 | ||
| 100 | 1 |
_aShaughnessy, John J., _d1947- |
|
| 245 | 1 | 0 |
_aResearch methods in psychology / _cJohn J. Shaughnessy, Eugene B. Zechmeister, Jeanne S. Zechmeister. |
| 250 | _a9th ed. | ||
| 260 |
_aNew York, NY : _bMcGraw-Hill, _c2012. |
||
| 300 |
_a488 f. : _bme il.; _c24 cm. |
||
| 505 | _aIndex: f. 475 - 488 | ||
| 650 | 0 | _aPsikologjia | |
| 700 | 1 |
_aZechmeister, Eugene B., _d1944- |
|
| 700 | 1 | _aZechmeister, Jeanne S. | |
| 942 |
_2udc _cBK |
||
| 999 |
_c774 _d774 |
||